[Event "Arad op 10th"]
[Site "Arad"]
[Date "2017.08.10"]
[Round "6"]
[White "Cvetkovic, Srdjan"]
[Black "Popa Matei, Viorel Ovidiu"]
[Result "1-0"]
[WhiteElo "2249"]
[BlackElo "2056"]
[PlyCount "51"]
[EventDate "2017.08.06"]
[EventType "swiss"]
[EventRounds "9"]
[EventCountry "ROU"]
[SourceTitle "CBM 179 Extra"]
[Source "ChessBase"]
[SourceDate "2017.08.23"]
[SourceVersion "1"]
[SourceVersionDate "2017.08.23"]
[SourceQuality "1"]

1. c4 e5 2. g3 Nf6 3. Bg2 Bc5 4. Nc3 0-0 5. Nf3 d6 6. 0-0 c6 7. d4 exd4 8. Nxd4 Re8 9. b3 Bg4 10. h3 Be6 11. Bb2 Nbd7 12. Qd2 Nf8 13. Rad1 Qd7 14. Nxe6 Qxe6 15. e3 Rad8 16. Na4 Bb6 17. Nxb6 axb6 18. Qb4 Ng6 19. Qxb6 Rd7 20. Qd4 Ne7 21. e4 c5 22. Qc3 Nc6 23. Rfe1 h6 24. a3 Ra8 25. f4 Nd4 26. Qd3 1-0

[Event "Arad op"]
[Site "Arad"]
[Date "2013.08.04"]
[Round "2"]
[White "Enchev, Ivajlo"]
[Black "Popa Matei, Viorel Ovidiu"]
[Result "1-0"]
[WhiteElo "2450"]
[BlackElo "2060"]
[PlyCount "80"]
[EventDate "2013.08.03"]
[EventType "swiss"]
[EventRounds "9"]
[EventCountry "ROU"]
[SourceTitle "CBM 155 Extra"]
[Source "ChessBase"]
[SourceDate "2013.08.26"]
[SourceVersion "1"]
[SourceVersionDate "2013.08.26"]
[SourceQuality "1"]

1. d4 d5 2. Nf3 Nf6 3. Bf4 e6 4. e3 Bd6 5. Ne5 Nbd7 6. Nd2 Nf8 7. Bd3 Ng6 8. Bg3 0-0 9. f4 c5 10. c3 b6 11. h4 Bb7 12. h5 Ne7 13. h6 g6 14. Qf3 Nf5 15. Bf2 cxd4 16. exd4 Be7 17. g4 Nd6 18. Be3 Nfe4 19. Qh3 a5 20. Nxe4 dxe4 21. Be2 f6 22. Nc4 Ba6 23. Nxd6 Qxd6 24. Bxa6 Rxa6 25. f5 g5 26. fxe6 Qxe6 27. 0-0 b5 28. Rf5 b4 29. d5 Qc8 30. Bd4 bxc3 31. bxc3 Qc4 32. Qe3 Rb8 33. Qxe4 Bc5 34. Rf2 Bxd4 35. cxd4 Qc7 36. Kg2 Rd6 37. Raf1 Rf8 38. Qe5 Qd8 39. Qe3 Rf7 40. Rc1 Rxd5 1-0

[Event "Gibraltar Challengers-B 8th"]
[Site "Caleta"]
[Date "2010.02.02"]
[Round "3"]
[White "Popa Matei, Viorel Ovidiu"]
[Black "Moreno Cervera, Jose Luis"]
[Result "1-0"]
[WhiteElo "2137"]
[BlackElo "1929"]
[PlyCount "67"]
[EventDate "2010.01.31"]
[EventType "swiss"]
[EventRounds "5"]
[EventCountry "GGB"]
[SourceTitle "EXT 2011"]
[Source "ChessBase"]
[SourceDate "2010.11.26"]
[SourceVersion "1"]
[SourceVersionDate "2010.11.26"]
[SourceQuality "1"]

1. e4 c5 2. d4 cxd4 3. c3 d3 4. Bxd3 d6 5. c4 g6 6. h3 Bg7 7. Nf3 Nc6 8. Nc3 Bxc3+ 9. bxc3 Ne5 10. 0-0 h5 11. Nxe5 dxe5 12. Qe2 Be6 13. f4 exf4 14. Bxf4 f6 15. c5 Qc8 16. e5 Qxc5+ 17. Be3 Qxe5 18. Bxg6+ Bf7 19. Qd3 Bxg6 20. Qxg6+ Kf8 21. Bd4 Qe6 22. Rae1 Qf7 23. Qe4 Qxa2 24. Bxf6 exf6 25. Qb4+ Kg7 26. Qxb7+ Qf7 27. Qxa8 Nh6 28. Qe4 Rc8 29. Re3 Rc4 30. Rg3+ Kh8 31. Qa8+ Kh7 32. Rb1 Nf5 33. Rb7 Ne7 34. Rxe7 1-0

[Event "Gibraltar Masters 8th"]
[Site "Caleta"]
[Date "2010.02.01"]
[Round "7"]
[White "Popa Matei, Viorel Ovidiu"]
[Black "Matto, Manuel"]
[Result "1-0"]
[WhiteElo "2137"]
[BlackElo "1824"]
[PlyCount "101"]
[EventDate "2010.01.26"]
[EventType "swiss"]
[EventRounds "10"]
[EventCountry "GGB"]
[SourceTitle "CBM 134 Extra"]
[Source "ChessBase"]
[SourceDate "2010.03.03"]
[SourceVersion "1"]
[SourceVersionDate "2010.03.03"]
[SourceQuality "1"]

1. e4 e6 2. d4 d6 3. Nf3 h6 4. c4 Be7 5. Bd3 Nd7 6. 0-0 Nf8 7. e5 Nh7 8. Be3 Ng5 9. Nbd2 Bd7 10. Nxg5 hxg5 11. f4 gxf4 12. Bxf4 dxe5 13. Bxe5 Nf6 14. Qf3 Bc6 15. Qf4 Bd6 16. Bxd6 Qxd6 17. Qxd6 cxd6 18. b4 Rh4 19. Nb3 Be4 20. Rad1 0-0-0 21. g3 Rg4 22. Bxe4 Rxe4 23. Rfe1 b6 24. a4 Rxe1+ 25. Rxe1 Rd7 26. Kg2 Rc7 27. Nd2 Kb7 28. Kf3 g6 29. h4 Rc8 30. Rc1 a6 31. Ne4 Nxe4 32. Kxe4 d5+ 33. Kd3 dxc4+ 34. Rxc4 Rh8 35. Rc1 f5 36. Ke3 Rd8 37. b5 Rd5 38. bxa6+ Kxa6 39. Rc6 e5 40. dxe5 Rxe5+ 41. Kf3 Re4 42. Rxg6 Rxa4 43. h5 Rc4 44. h6 Rc8 45. Kf4 Ka5 46. h7 Rh8 47. Rg7 b5 48. Kxf5 b4 49. Kg6 Ra8 50. Rg8 Ra6+ 51. Kg5 1-0